| 000 | 00649nam a2200205Ii 4500 | ||
|---|---|---|---|
| 003 | JO-AjNU | ||
| 008 | 230605s9999||||xx |||||||||||||| ||und|| | ||
| 017 | _a1996/9/1271 | ||
| 040 |
_aJO-AjNU _bara _erda _cJO-AjNU |
||
| 041 | _aara | ||
| 050 | 1 | 4 | _aTA545.S5998 1997 |
| 100 | 3 |
_aصيام، يوسف, _eauthor _951241 |
|
| 245 | 0 | 0 | _aالمساحة بالاجهزة الالكترونية |
| 264 | 3 | 1 | _aعمان : المؤلف ،1997 |
| 300 |
_a173ص _bصور توضيحية |
||
| 336 |
_atext _btxt _2rdacontent |
||
| 337 |
_aunmediated _bn _2rdamedia |
||
| 338 |
_avolume _bnc _2rdacarrier |
||
| 650 | 4 |
_aالمساحة بالاجهزة _951242 |
|
| 999 |
_aA22621 _c26189 _d26189 |
||